| 000 -LEADER |
| fixed length control field |
00615nam a22001697a 4500 |
| 005 - DATE AND TIME OF LATEST TRANSACTION |
| control field |
20230925112552.0 |
| 008 - FIXED-LENGTH DATA ELEMENTS--GENERAL INFORMATION |
| fixed length control field |
230925s1985 gw ||||| |||| 00| 0 ger d |
| 041 ## - LANGUAGE CODE |
| Language code of text/sound track or separate title |
ger |
| 080 ## - UNIVERSAL DECIMAL CLASSIFICATION NUMBER |
| Universal Decimal Classification number |
94(479.22)(093) D-23 |
| 245 ## - TITLE STATEMENT |
| Title |
Das Leben Kartlis : |
| Remainder of title |
Eine Chronik aus Georgien 300-1200 / |
| Statement of responsibility, etc. |
Herausgeber Gertrud Pätsch. |
| 264 ## - PRODUCTION, PUBLICATION, DISTRIBUTION, MANUFACTURE, AND COPYRIGHT NOTICE |
| Place of production, publication, distribution, manufacture |
Leipzig, |
| Date of production, publication, distribution, manufacture, or copyright notice |
1985. |
| 300 ## - PHYSICAL DESCRIPTION |
| Extent |
497p. : |
| Other physical details |
18 cm. |
| 653 ## - INDEX TERM--UNCONTROLLED |
| keyword |
ქართლის ცხოვრება. |
| 653 ## - INDEX TERM--UNCONTROLLED |
| keyword |
მატიანე საქართველოდან 300-1200 წწ. |
| 700 ## - ADDED ENTRY--PERSONAL NAME |
| Personal name |
Pätsch, Gertrud |
| Relator term |
რედაქტორი |
| 9 (RLIN) |
19905 |
| 942 ## - ADDED ENTRY ELEMENTS (KOHA) |
| Source of classification or shelving scheme |
|
| Koha item type |
წიგნი |